000
00231nam a2200097Ia 4500
008
170619s9999 xx 000 0 und d
100
_a
Bhattacharya
245
0
_a
Industrial electronic & control
260
_b
New Delhi:TMH
260
_c
2000
546
_a
ENGLISH
999
_c
16145
_d
16145